000
00251nam a22000857a 4500
008
160713b xxu||||| |||| 00| 0 eng d
100
_9
2780
_a
Wilson, D.C
245
_a
The Big - Little World of Doc Pritham
260
_a
New York
_b
McGraw Hill Book Com.
_c
1971
999
_c
2399
_d
2399